Residencia en la tierra

Enregistré dans:
Détails bibliographiques
Auteur principal: Neruda, Pablo (autor)
Format: Livre
Langue:espagnol
Publié: Santiago Universitaria 1997
Édition:2a. ed
Collection:Colección Premios Nacionales de Literatura, 4
Sujets:
Tags: Ajouter un tag
Pas de tags, Soyez le premier à ajouter un tag!

MARC

LEADER 00000nam a2200000 a 4500
001 UCO5338
003 CL-VaPUC
008 000901e19970000CL |||||||||||||||||spa|d
020 |a 956111254X 
082 0 4 |a Ch861  |b NER  |2 21 
100 |a Neruda, Pablo  |e autor  |9 306531 
245 1 0 |a Residencia en la tierra 
250 |a 2a. ed 
300 |a 178 p 
942 |c BK 
945 |d 20000901 00:00:00  |a vberengu 
260 |a Santiago  |b Universitaria  |c 1997 
650 0 |a Poesías chilenas   |9 265280 
650 0 |a Literatura chilena   |9 308278 
583 |a last modification  |c 20000901 00:00:00  |k Rodrigo Vera 
490 0 |a Colección Premios Nacionales de Literatura, 4 
999 |c 291232  |d 291230 
952 |0 0  |1 0  |4 0  |6 CH_861_000000000000000_NER_1997  |7 0  |8 A  |9 341027  |a BIBART  |b BIBART  |d 2019-11-20  |i 3647935  |l 2  |o Ch861 NER 1997  |p 3647935  |r 2025-03-13  |s 2022-09-07  |w 2019-11-20  |y BK  |k ART 
952 |0 0  |1 0  |4 0  |6 CH_861_000000000000000_NER_1997  |7 0  |8 A  |9 341028  |a BIBCUR  |b BIBCUR  |d 2019-11-20  |i 4204522  |l 1  |o Ch861 NER 1997  |p 4204522  |r 2025-04-22  |s 2025-04-04  |w 2019-11-20  |y BK  |k PER